000 01595cam a22003491i 4500
003 SA-RiAUC
005 20250918080702.0
008 250910s2001 mr g b 001 0dara c
020 _a9981590444
040 _aSA-RiAUC
_bara
_cSA-RiAUC
_erda
082 0 4 _a925.1
_qSA-RiAUC
090 _a925.1
_bج ب ا
100 1 _aجبار، أحمد،
_d1941-
_eمؤلف.
245 1 0 _aحياة ومؤلفات ابن البنا المراكشي مع نصوص غير منشورة /
_cأحمد جبار، محمد عبد الجليل أبلاغ.
250 _aالطبعة الأولى.
264 1 _aالرباط :
_bكلية الآداب والعلوم الإنسانية،
_c2001.
300 _a238 صفحة ؛
_c24 سم.
336 _aنص
_btxt
_2rdacontent
_3كتاب
337 _aبدون وسيط
_bn
_2rdamedia
338 _aمجلد
_bnc
_2rdacarrier
490 1 _aسلسلة بحوث ودراسات ؛
_v29
500 _aيشتمل على كشافات.
504 _aببليوجرافية : صفحة 225-233.
504 _aيشتمل على إرجاعات ببليوجرافية.
600 1 7 _aابن البناء، أحمد بن محمد بن عثمان،
_d654-721 هجري
_2aucnm
650 7 _aعلماء الرياضيات
_vتراجم
_2aucsh
651 7 _aالمغرب
_vتراجم
_2aucsh
700 1 _aأبلاغ، محمد عبد الجليل
_eمؤلف.
830 0 _aسلسلة بحوث ودراسات (جامعة محمد الخامس. كلية الآداب والعلوم الإنسانية)
_v29
942 _2ddc
_cBOOK
_n0
949 _aSA-JeALM
_d250910
_umohamedma123
_n1
999 _c11923
_d11923